[Event "AUT-ch U10"]
[Site "Vienna"]
[Date "2005.05.28"]
[Round "5.7"]
[White "Cortolezis, Leander"]
[Black "Kramer, Georg"]
[Result "0-1"]
[WhiteElo "1385"]
[BlackElo "1200"]
[PlyCount "90"]
[EventDate "2005.05.27"]
[EventType "swiss"]
[EventRounds "7"]
[EventCountry "AUT"]
[SourceTitle "EXT 2024"]
[Source "ChessBase"]
[SourceDate "2023.10.10"]
[SourceVersion "1"]
[SourceVersionDate "2023.10.10"]
[SourceQuality "1"]

1. e4 e5 2. Nf3 Nc6 3. Bb5 d6 4. 0-0 Bd7 5. Re1 Nf6 6. c3 Be7 7. d4 a6 8. Ba4 b5 9. Bc2 Bg4 10. h3 Bxf3 11. Qxf3 0-0 12. Qd3 h6 13. d5 Na5 14. Qg3 g6 15. Bxh6 Re8 16. f4 Nh5 17. Qg4 Nf6 18. Qg3 Qd7 19. f5 Kh8 20. fxg6 fxg6 21. Qxg6 Rg8 22. Qf5 Qe8 23. Bg5 Qf7 24. Rf1 Raf8 25. Bd1 Qg7 26. Bxf6 Bxf6 27. Qh5+ Qh7 28. Qxh7+ Kxh7 29. Bg4 Nc4 30. b3 Ne3 31. Bf5+ Kh8 32. Rf2 Bh4 33. Rf3 Nc2 34. Be6 Rxf3 35. Bxg8 Bf2+ 36. Kh1 Rg3 37. Be6 Nxa1 38. Na3 Bc5 39. b4 Be3 40. Bg4 Bc1 41. Nb1 Re3 42. Bf3 Nc2 43. Kg1 Re1+ 44. Kf2 Be3+ 45. Kg3 Rxb1 0-1